| 000 | 00759cam a2200253 a 4500 | ||
|---|---|---|---|
| 020 | _a9780821370841 | ||
| 020 | _a0821370847 | ||
| 020 | _a9780821370858 | ||
| 020 | _a0821370855 | ||
| 040 | _cDLC | ||
| 082 | 0 | 0 | _a336 WOR 2008 A065 Or. |
| 245 | 0 | 0 |
_aFiscal policy, stabilization, and growth : _bprudence or abstinence? / |
| 260 |
_aWashington, D.C. : _bWorld Bank, _cc2008. |
||
| 300 |
_axx, 329 p. : _bill. ; _c23 cm. |
||
| 490 | 0 | _aLatin American development forum series | |
| 650 | 0 | _aFiscal policy | |
| 650 | 0 | _aFinance, Public | |
| 650 | 0 | _aEconomic stabilization | |
| 700 | 1 | _aPerry, Guillermo. | |
| 700 | 1 | _aServen, Luis. | |
| 700 | 1 | _aSuescun, Rodrigo. | |
| 856 | 4 | 1 | _uhttp://www.loc.gov/catdir/toc/ecip0725/2007034287.html |
| 942 | _cEK | ||
| 999 |
_c14383 _d14383 |
||